Giscardova kostra európskej ústavy zostáva bez života
Prvý návrh, ako by mal jedného dňa vyzerať základný zákon nového usporiadania EÚ, európska ústava. Parlament a občianstvo. Európsky prezident. Rovnováha práv a povinností hlavných európskych inštitúcií.
Uložené v:
| Hlavný autor: | |
|---|---|
| Médium: | Kapitola |
| Jazyk: | Slovak |
| Predmet: | |
| Tagy: |
Žiadne tagy, Buďte prvý, kto otaguje tento záznam!
|
MARC
| LEADER | 00000naa a2200000 4500 | ||
|---|---|---|---|
| 001 | r046980 | ||
| 005 | 20230908084240.3 | ||
| 041 | 0 | |a slo | |
| 044 | |a SK | ||
| 245 | 1 | 0 | |a Giscardova kostra európskej ústavy zostáva bez života |c Ján Škoda |
| 520 | |a Prvý návrh, ako by mal jedného dňa vyzerať základný zákon nového usporiadania EÚ, európska ústava. Parlament a občianstvo. Európsky prezident. Rovnováha práv a povinností hlavných európskych inštitúcií. | ||
| 610 | 2 | 0 | |a ústava |
| 610 | 2 | 0 | |a parlamenty |
| 610 | 2 | 0 | |a občianstvo štátne |
| 610 | 2 | 0 | |a úrady |
| 610 | 2 | 0 | |a Európska únia |
| 100 | 1 | |a Škoda, Ján | |